|
|
|
|
| LEADER |
00855nnm a2200229 i 4500 |
| 001 |
eta4191 |
| 005 |
20201211130012.0 |
| 008 |
201211s2012 hu o 0|| hun d |
| 040 |
|
|
|a SZTE Elektronikus Tananyag Archívum
|b hun
|
| 041 |
|
|
|a hun
|
| 100 |
1 |
|
|a Bakos Krisztina
|
| 245 |
1 |
0 |
|a Biológiai tartósítószerek alkalmazása a silókukorica silózásban
|h [elektronikus dokumentum] /
|c Bakos Krisztina
|
| 260 |
|
|
|c 2012
|
| 300 |
|
|
|a 30
|
| 516 |
|
|
|a Presentation
|
| 650 |
|
4 |
|a Természettudományok
|
| 650 |
|
4 |
|a Biológiai tudományok
|
| 650 |
|
4 |
|a Mezőgazdaság-tudományok
|
| 650 |
|
4 |
|a Mezőgazdaság, erdészet, halászat
|
| 650 |
|
4 |
|a Növénytermesztés és növényvédelem
|
| 711 |
|
|
|a Tudományos Diákköri Konferencia
|c Szeged, Magyarország
|d 2012. 03. 28.
|
| 856 |
4 |
0 |
|u https://eta.bibl.u-szeged.hu/4191/1/2010-0012_94_03.pdf
|z Dokumentum-elérés
|